[Event "TCh-TUR Super League 2014"]
[Site "Kocaeli TUR"]
[Date "2014.08.27"]
[Round "11.1"]
[Board "6"]
[White "Kaya, Emel"]
[Black "Sop, Selen"]
[Result "0-1"]
[WhiteTitle "WCM"]
[BlackTitle "WFM"]
[WhiteElo "2000"]
[BlackElo "1961"]
[WhiteTeam "Mersin Ezgi Satranc Kulubu"]
[BlackTeam "Ankara Demirspor Kulubu"]
[WhiteFideId "6306411"]
[BlackFideId "6300278"]
[EventDate "2014.08.18"]

1. e4 e5 2. Nf3 Nc6 3. Bc4 Nf6 4. Ng5 d5 5. exd5 Na5 6. Bb5+ c6 7. dxc6 bxc6 8.
Be2 h6 9. Nf3 e4 10. Ne5 Qd4 11. f4 Bc5 12. Rf1 Bd6 13. c3 Qb6 14. Qa4 O-O 15.
b4 Nb7 16. Qxc6 Qxc6 17. Nxc6 Nd5 18. g3 Bh3 19. Rg1 Rfc8 20. b5 Bc5 21. Bf1
Bxg1 22. Bxh3 Rc7 23. Ba3 Bc5 24. Bb2 Nd6 25. a4 a6 26. Bf1 axb5 27. axb5 Rxa1
28. Bxa1 Rb7 29. c4 Nb6 30. Na5 Ra7 31. Bc3 Na4 32. Nb3 Bb6 33. Bb4 Nb7 34. Nc3
Nac5 35. Bxc5 Nxc5 36. Nxc5 Bxc5 37. Ke2 f5 38. Bh3 g6 39. g4 Rf7 40. gxf5 gxf5
41. Nd5 Kg7 42. d3 exd3+ 43. Kxd3 Kg6 44. b6 Rb7 45. Bg2 Bxb6 46. Nxb6 Rxb6 47.
c5 Rb1 48. c6 Rc1 49. Bd5 Kf6 50. Bc4 Ke7 51. c7 Kd7 52. c8=Q+ Kxc8 53. Be6+ Kd8
54. Bxf5 Ke7 55. Be4 Kf6 56. Ke3 Rf1 57. h3 Ra1 58. Kf3 Rg1 59. Kf2 Rg7 60. Kf3
h5 61. Kf2 h4 62. Bf3 Kf5 63. Bg4+ Kxf4 64. Kg2 Ra7 65. Kf2 Ra2+ 66. Kf1 Kg3 67.
Be6 Rb2 68. Bg4 Rf2+ 69. Ke1 Rf4 70. Bc8 Kg2 71. Ke2 Rc4 72. Bf5 Rf4 73. Bc8
Re4+ 74. Kd3 Re8 75. Bg4 Kf2 76. Bf5 Rd8+ 77. Ke4 Rd6 78. Kf4 Rd4+ 79. Kg5 Kg3
80. Be6 Rd6 81. Bg4 Rd5+ 82. Kf6 Rd4 83. Bc8 Re4 84. Bd7 Re1 85. Bg4 Rh1 86. Ke5
Rxh3 87. Kd5 0-1

[Event "TCh-TUR Super League 2014"]
[Site "Kocaeli TUR"]
[Date "2014.08.27"]
[Round "11.1"]
[Board "7"]
[White "Dubov, Daniil"]
[Black "Iskandarov, Misratdin"]
[Result "1-0"]
[WhiteTitle "GM"]
[BlackTitle "IM"]
[WhiteElo "2614"]
[BlackElo "2397"]
[WhiteTeam "Ankara Demirspor Kulubu"]
[BlackTeam "Mersin Ezgi Satranc Kulubu"]
[WhiteFideId "24126055"]
[BlackFideId "13400312"]
[EventDate "2014.08.18"]

1. e4 c5 2. Nf3 d6 3. d4 cxd4 4. Nxd4 Nf6 5. f3 a6 6. c4 e6 7. Nc3 Be7 8. Be3
Nbd7 9. Be2 Qc7 10. O-O b6 11. Qd2 Bb7 12. a4 O-O 13. Rfc1 Rac8 14. a5 bxa5 15.
Nb3 a4 16. Nxa4 Qb8 17. Nd4 d5 18. cxd5 Bd6 19. Nc6 Bxh2+ 20. Kh1 Bxc6 21. dxc6
Ne5 22. f4 Neg4 23. Bxg4 Nxg4 24. e5 Rfd8 25. Qxd8+ Rxd8 26. c7 1-0

[Event "TCh-TUR Super League 2014"]
[Site "Kocaeli TUR"]
[Date "2014.08.27"]
[Round "11.1"]
[Board "8"]
[White "Ibrahimova, Sabina"]
[Black "Sasmazel, Burcu"]
[Result "1-0"]
[WhiteTitle "WIM"]
[WhiteElo "2263"]
[BlackElo "1818"]
[WhiteTeam "Mersin Ezgi Satranc Kulubu"]
[BlackTeam "Ankara Demirspor Kulubu"]
[WhiteFideId "13403893"]
[BlackFideId "6319106"]
[EventDate "2014.08.18"]

1. e4 e5 2. Nf3 Nc6 3. Bb5 a6 4. Ba4 Nf6 5. O-O Be7 6. Re1 b5 7. Bb3 d6 8. h3
O-O 9. c3 Na5 10. Bc2 c5 11. d3 Nc6 12. Qe2 Re8 13. Nbd2 Bf8 14. Nf1 d5 15. Ng3
g6 16. exd5 Qxd5 17. Bb3 Qd6 18. Ng5 Nd8 19. Qf3 Bb7 20. Nxf7 Nxf7 21. Qxb7 Qe7
22. Qf3 h6 23. Bf4 Nd7 24. Bd5 Rab8 25. Bxe5 Nxe5 26. Rxe5 Qc7 27. Rxe8 Rxe8 28.
Qf6 Bg7 29. Qxg6 Kf8 30. Nf5 1-0

[Event "TCh-TUR Super League 2014"]
[Site "Kocaeli TUR"]
[Date "2014.08.27"]
[Round "11.1"]
[Board "9"]
[White "Yaver, Faik Emre"]
[Black "Duman, Necdet"]
[Result "1-0"]
[WhiteElo "1919"]
[BlackElo "1623"]
[WhiteTeam "Ankara Demirspor Kulubu"]
[BlackTeam "Mersin Ezgi Satranc Kulubu"]
[WhiteFideId "6329969"]
[BlackFideId "6321810"]
[EventDate "2014.08.18"]

1. e4 d6 2. d4 Nf6 3. Nc3 e5 4. Nf3 Nbd7 5. Bc4 Be7 6. O-O O-O 7. Re1 c6 8. a4
a5 9. h3 Nb6 10. Bb3 Nfd7 11. dxe5 dxe5 12. Be3 Qc7 13. Ng5 Bxg5 14. Bxg5 Nc5
15. Ba2 Nbxa4 16. Nxa4 Nxa4 17. Re3 Nc5 18. Qh5 Ne6 19. Bxe6 fxe6 20. Rg3 Qf7
21. Qe2 Kh8 22. Rf3 Qg8 23. Rxf8 Qxf8 24. Rd1 Bd7 25. Rxd7 h6 26. Qh5 1-0

[Event "TCh-TUR Super League 2014"]
[Site "Kocaeli TUR"]
[Date "2014.08.27"]
[Round "11.1"]
[Board "10"]
[White "Mutlu, Beste"]
[Black "Kose, Ulya"]
[Result "0-1"]
[WhiteElo "1629"]
[BlackElo "1512"]
[WhiteTeam "Mersin Ezgi Satranc Kulubu"]
[BlackTeam "Ankara Demirspor Kulubu"]
[WhiteFideId "6325050"]
[BlackFideId "6372813"]
[EventDate "2014.08.18"]

1. e4 e5 2. Nf3 Nc6 3. Bc4 Bc5 4. c3 Nf6 5. d3 h6 6. Nbd2 O-O 7. O-O d6 8. h3
Re8 9. Bb3 Be6 10. Re1 Nh5 11. Nxe5 Nxe5 12. d4 Nf4 13. dxc5 Qg5 14. g3 Nxh3+
15. Kf1 Qf6 16. Qe2 Nd3 17. Bxe6 fxe6 18. f4 Nxe1 19. Kxe1 Qg6 20. Qf3 Rf8 21.
cxd6 cxd6 22. Qe3 h5 23. Nc4 h4 24. gxh4 Nxf4 25. Kd1 d5 26. exd5 Qh5+ 27. Kc2
exd5 28. Nd2 Qf5+ 29. Kb3 a5 30. a4 Rae8 31. Qd4 Ne2 32. Qc5 Qd3 33. Qxa5 Nxc1+
34. Rxc1 Qxd2 0-1

[Event "TCh-TUR Super League 2014"]
[Site "Kocaeli TUR"]
[Date "2014.08.27"]
[Round "11.2"]
[Board "1"]
[White "Solak, Dragan"]
[Black "Alekseev, Evgeny"]
[Result "1/2-1/2"]
[WhiteTitle "GM"]
[BlackTitle "GM"]
[WhiteElo "2632"]
[BlackElo "2675"]
[WhiteTeam "Besiktas Jimnastik Kulubu"]
[BlackTeam "Antalya Calli Spor Kulubu"]
[WhiteFideId "916811"]
[BlackFideId "4138147"]
[EventDate "2014.08.18"]

1. e4 e5 2. Nf3 Nc6 3. Bb5 Nf6 4. O-O Nxe4 5. d4 Nd6 6. Bxc6 dxc6 7. dxe5 Nf5 8.
Qxd8+ Kxd8 9. h3 Ke8 10. Nc3 h5 11. Bf4 Be7 12. Rfd1 Be6 1/2-1/2

[Event "TCh-TUR Super League 2014"]
[Site "Kocaeli TUR"]
[Date "2014.08.27"]
[Round "11.2"]
[Board "2"]
[White "Safarli, Eltaj"]
[Black "Mamedov, Rauf"]
[Result "1/2-1/2"]
[WhiteTitle "GM"]
[BlackTitle "GM"]
[WhiteElo "2649"]
[BlackElo "2659"]
[WhiteTeam "Antalya Calli Spor Kulubu"]
[BlackTeam "Besiktas Jimnastik Kulubu"]
[WhiteFideId "13402129"]
[BlackFideId "13401653"]
[EventDate "2014.08.18"]

1. b3 Nf6 2. Bb2 g6 3. g4 Bg7 4. g5 Nh5 5. Qc1 e5 6. h4 d5 7. e3 h6 8. Nf3 d4 9.
Bc4 Bg4 10. Nh2 Bc8 11. Nf3 Bg4 12. Nh2 Bc8 13. Nf3 Bg4 14. Nh2 1/2-1/2

[Event "TCh-TUR Super League 2014"]
[Site "Kocaeli TUR"]
[Date "2014.08.27"]
[Round "11.2"]
[Board "3"]
[White "Atakisi, Umut"]
[Black "Yurtseven, Melih"]
[Result "0-1"]
[WhiteTitle "IM"]
[WhiteElo "2343"]
[BlackElo "2271"]
[WhiteTeam "Besiktas Jimnastik Kulubu"]
[BlackTeam "Antalya Calli Spor Kulubu"]
[WhiteFideId "6301037"]
[BlackFideId "6312160"]
[EventDate "2014.08.18"]

1. e4 c5 2. Nf3 d6 3. Bb5+ Nd7 4. O-O a6 5. Bd3 Ne5 6. Nxe5 dxe5 7. a4 g6 8. b3
Bg7 9. Bb2 Nh6 10. Na3 O-O 11. Nc4 Qc7 12. a5 Bd7 13. Nb6 Rad8 14. Qe2 e6 15.
Bc4 Bc6 16. Ba3 Qd6 17. d3 Rfe8 18. Qe3 Bf8 19. Rab1 f5 20. f3 f4 21. Qf2 g5 22.
c3 g4 23. Rfd1 Qe7 24. Kf1 Kh8 25. d4 Qg5 26. d5 g3 27. Qg1 exd5 28. Bxd5 Ng4
29. fxg4 Qxg4 30. h3 Qh5 31. Ke1 f3 32. gxf3 Qxf3 33. Rb2 Bh6 34. Qg2 Qxc3+ 35.
Kf1 Be3 36. Qe2 Rf8+ 37. Kg2 Rf2+ 38. Qxf2 gxf2 39. Re2 Bxd5 40. Nxd5 Rg8+ 41.
Kh2 Bf4+ 42. Nxf4 Qg3+ 0-1

[Event "TCh-TUR Super League 2014"]
[Site "Kocaeli TUR"]
[Date "2014.08.27"]
[Round "11.2"]
[Board "4"]
[White "Ertan, Can"]
[Black "Apaydin, Fethi"]
[Result "1-0"]
[WhiteTitle "FM"]
[BlackTitle "FM"]
[WhiteElo "2246"]
[BlackElo "2294"]
[WhiteTeam "Antalya Calli Spor Kulubu"]
[BlackTeam "Besiktas Jimnastik Kulubu"]
[WhiteFideId "6306330"]
[BlackFideId "6302521"]
[EventDate "2014.08.18"]

1. e4 c5 2. Nf3 d6 3. c3 Nf6 4. Qc2 g6 5. d4 cxd4 6. cxd4 Bg7 7. Nc3 O-O 8. Be2
a6 9. O-O b5 10. e5 Bf5 11. Qb3 dxe5 12. dxe5 Ne4 13. Rd1 Nxc3 14. Rxd8 Nxe2+
15. Kf1 Rxd8 16. Kxe2 Nc6 17. Kf1 Bd3+ 18. Ke1 Bc4 19. Qa3 e6 20. Be3 a5 21. Bc5
Nb4 22. Bxb4 axb4 23. Qe3 b3 24. a3 Bf8 25. Rd1 Rxd1+ 26. Kxd1 b4 27. a4 Rxa4
28. Ng5 Bd5 29. h4 Ra5 30. Qf4 Ra7 31. Ne4 Bxe4 32. Qxe4 Rc7 33. g4 Rc2 34. Qd4
Bc5 35. Qd8+ Bf8 36. Qd4 Bc5 37. Qd8+ Bf8 38. Qd4 Kg7 39. f4 Bc5 40. Qd8 Rxb2
41. f5 Rh2 42. Kc1 b2+ 43. Kb1 b3 44. fxe6 Ba3 45. Qf6+ Kg8 46. exf7+ Kf8 47.
Qh8+ Kxf7 48. Qxh7+ Kf8 49. Qh8+ Ke7 50. Qf6+ Ke8 51. Qc6+ Ke7 52. Qb7+ Ke6 53.
Qxb3+ Kxe5 54. Qg3+ 1-0

[Event "TCh-TUR Super League 2014"]
[Site "Kocaeli TUR"]
[Date "2014.08.27"]
[Round "11.2"]
[Board "5"]
[White "Arat, Ufuk Sezen"]
[Black "Sari, Yasin"]
[Result "1-0"]
[WhiteElo "2189"]
[BlackElo "2076"]
[WhiteTeam "Besiktas Jimnastik Kulubu"]
[BlackTeam "Antalya Calli Spor Kulubu"]
[WhiteFideId "6309089"]
[BlackFideId "6320902"]
[EventDate "2014.08.18"]

1. d4 Nf6 2. c4 c5 3. d5 e6 4. Nc3 exd5 5. cxd5 d6 6. e4 g6 7. Nge2 Bg7 8. Ng3
O-O 9. Be2 Re8 10. O-O Na6 11. Bg5 h6 12. Be3 Nc7 13. Qd2 Kh7 14. f3 Rb8 15. a4
a6 16. Rab1 b6 17. b4 Bb7 18. Rb3 Nd7 19. Rfb1 Ba8 20. bxc5 bxc5 21. Rxb8 Nxb8
22. a5 Nd7 23. Na4 Nxd5 24. Bf2 Bc6 25. exd5 Bxa4 26. Bxa6 Ne5 27. Bb7 Qb8 28.
a6 Qa7 29. Ne4 Rd8 30. Qa5 Bc2 31. Qxd8 Bxb1 32. Nxd6 Bd3 33. Nc8 Qb8 34. Qd6 1-0

[Event "TCh-TUR Super League 2014"]
[Site "Kocaeli TUR"]
[Date "2014.08.27"]
[Round "11.2"]
[Board "6"]
[White "Mammadova, Gulnar"]
[Black "Ozturk, Kubra"]
[Result "1/2-1/2"]
[WhiteTitle "WGM"]
[BlackTitle "WGM"]
[WhiteElo "2334"]
[BlackElo "2291"]
[WhiteTeam "Antalya Calli Spor Kulubu"]
[BlackTeam "Besiktas Jimnastik Kulubu"]
[WhiteFideId "13403508"]
[BlackFideId "6302599"]
[EventDate "2014.08.18"]

1. e4 e5 2. Nf3 Nc6 3. d4 exd4 4. Nxd4 Bc5 5. Be3 Qf6 6. c3 Nge7 7. Bc4 b6 8.
O-O Bb7 9. f4 O-O-O 10. b4 Nxd4 11. bxc5 Ndc6 12. cxb6 axb6 13. Qc2 d5 1/2-1/2

[Event "TCh-TUR Super League 2014"]
[Site "Kocaeli TUR"]
[Date "2014.08.27"]
[Round "11.2"]
[Board "7"]
[White "Fedoseev, Vladimir3"]
[Black "Burcu, Cagatay"]
[Result "1-0"]
[WhiteTitle "GM"]
[WhiteElo "2672"]
[BlackElo "2099"]
[WhiteTeam "Besiktas Jimnastik Kulubu"]
[BlackTeam "Antalya Calli Spor Kulubu"]
[WhiteFideId "24130737"]
[BlackFideId "6310630"]
[EventDate "2014.08.18"]

1. e4 Nf6 2. e5 Nd5 3. d4 d6 4. Nf3 dxe5 5. Nxe5 c6 6. Be2 Bf5 7. O-O Nd7 8. a3
e6 9. c4 N5f6 10. Nc3 Nxe5 11. dxe5 Qxd1 12. Rxd1 Nd7 13. Bf4 h6 14. h4 Be7 15.
h5 O-O-O 16. b4 Bg5 17. Bg3 Bc2 18. Rd6 Nb6 19. c5 Na4 20. Nxa4 Bxa4 21. f4 Be7
22. f5 Bxd6 23. exd6 Bb5 24. Bg4 Bc4 25. Bh4 Rde8 26. f6 Rhg8 27. Rd1 Kd7 28.
Rd4 Bd5 29. Kf2 g5 30. hxg6 fxg6 31. Bg3 Ref8 32. Be5 Rf7 33. Kg3 Rgf8 34. Rf4
h5 35. Be2 g5 36. Rf2 h4+ 37. Kh2 Be4 38. a4 Rg8 39. Bh5 Bg6 40. Bf3 Bf5 41. g4
hxg3+ 42. Kxg3 Rh8 43. Rb2 Rh3+ 44. Kf2 g4 45. Bg2 Rd3 46. b5 Rd5 47. Bxd5 exd5
48. Kg3 Rh7 49. Kf4 Be6 50. Kg5 Rh3 51. Kg6 Re3 52. Bf4 Rf3 53. Kg5 d4 54. bxc6+
Kxc6 55. Rxb7 g3 56. Rc7+ Kd5 57. d7 Bxd7 58. Rxd7+ Ke4 59. Re7+ Kd5 60. Re1 g2
61. Rg1 Ke4 62. Bd6 Rf2 63. c6 Kd5 1-0

[Event "TCh-TUR Super League 2014"]
[Site "Kocaeli TUR"]
[Date "2014.08.27"]
[Round "11.2"]
[Board "8"]
[White "Durmaz, Ayca Fatma"]
[Black "Soylemez, Cansu"]
[Result "1-0"]
[WhiteTitle "WCM"]
[WhiteElo "1867"]
[BlackElo "1919"]
[WhiteTeam "Antalya Calli Spor Kulubu"]
[BlackTeam "Besiktas Jimnastik Kulubu"]
[WhiteFideId "6317855"]
[BlackFideId "6315429"]
[EventDate "2014.08.18"]

1. c4 e5 2. Nc3 Nc6 3. g3 g6 4. Bg2 Bg7 5. d3 d6 6. e3 f5 7. Nge2 Nf6 8. O-O O-O
9. Rb1 g5 10. f4 exf4 11. exf4 g4 12. d4 h5 13. d5 Ne7 14. Qd3 h4 15. Be3 Qe8
16. Nb5 Qd8 17. Nbd4 Rb8 18. Bf2 h3 19. Bh1 Bd7 20. Rfe1 Re8 21. Nc3 Nh7 22. Ne6
Bxe6 23. Rxe6 Nf8 24. Re2 a6 25. Rbe1 Qd7 26. Nd1 Kf7 27. Ne3 Rbd8 28. b4 b6 29.
Nc2 Neg6 30. Nd4 Bxd4 31. Bxd4 Rxe2 32. Rxe2 Re8 33. Re6 Nxe6 34. Qxf5+ Kg8 35.
dxe6 Qh7 36. Be4 Re7 37. Qxg4 Qh6 38. Bxg6 Kf8 39. Qf5+ Kg8 40. Qf6 Qg7 41. Bf7+ 1-0

[Event "TCh-TUR Super League 2014"]
[Site "Kocaeli TUR"]
[Date "2014.08.27"]
[Round "11.2"]
[Board "9"]
[White "Gokerkan, Cem Kaan"]
[Black "Tasdogen, Dincer"]
[Result "1-0"]
[WhiteElo "2052"]
[BlackElo "1797"]
[WhiteTeam "Besiktas Jimnastik Kulubu"]
[BlackTeam "Antalya Calli Spor Kulubu"]
[WhiteFideId "6336760"]
[BlackFideId "6367097"]
[EventDate "2014.08.18"]

1. e4 c5 2. c3 d5 3. exd5 Qxd5 4. d4 Nc6 5. Nf3 Bf5 6. Be3 cxd4 7. cxd4 Bxb1 8.
Rxb1 Qxa2 9. Be2 e6 10. O-O Bd6 11. d5 Qxd5 12. Qa4 Rd8 13. b4 Rd7 14. Rfd1 Qe4
15. Bd3 Bxh2+ 16. Kxh2 Rxd3 17. Rxd3 Qxd3 18. b5 Qxb1 19. bxc6 bxc6 20. Qxc6+
Kd8 21. Qd6+ Ke8 22. Qc6+ Kd8 23. Ne5 Nf6 24. Qa8+ Kc7 25. Qxh8 Qd1 26. g3 Nd5
27. Bxa7 Kb7 28. Qb8+ Ka6 29. Qa8 Kb5 30. Qb7+ Ka4 31. Qc6+ Kb4 32. Qc4+ Ka3 33.
Bc5+ Kb2 34. Bd4+ Ka3 35. Nd3 Qh5+ 36. Kg2 Nf4+ 37. Nxf4 1-0

[Event "TCh-TUR Super League 2014"]
[Site "Kocaeli TUR"]
[Date "2014.08.27"]
[Round "11.2"]
[Board "10"]
[White "Altinoz, Fevziye Ece"]
[Black "Arda, Cagil Irmak"]
[Result "0-1"]
[BlackTitle "WCM"]
[WhiteElo "1488"]
[BlackElo "1872"]
[WhiteTeam "Antalya Calli Spor Kulubu"]
[BlackTeam "Besiktas Jimnastik Kulubu"]
[WhiteFideId "6358942"]
[BlackFideId "6351700"]
[EventDate "2014.08.18"]

1. e4 d6 2. d4 Nf6 3. Nc3 g6 4. Nf3 Bg7 5. Be3 c6 6. Qd2 b5 7. Bd3 a6 8. Bh6
Bxh6 9. Qxh6 Qa5 10. Qd2 Nbd7 11. O-O c5 12. dxc5 Nxc5 13. Nd5 Qxd2 14. Nxf6+
exf6 15. Nxd2 Nxd3 16. cxd3 Bb7 17. Rac1 Kd7 18. Rc2 Rac8 19. Rfc1 Rxc2 20. Rxc2
Rc8 21. Rxc8 Bxc8 22. Kf1 Kc6 23. b4 f5 24. f3 Be6 25. a3 fxe4 26. dxe4 d5 27.
Ke2 dxe4 28. fxe4 f5 29. Kd3 fxe4+ 30. Nxe4 Kd5 31. Nc5 Bc8 32. Kc3 g5 33. Kd3
h5 34. g3 a5 35. Kc3 a4 36. Kd3 Bf5+ 37. Kc3 Bh3 38. Kd3 Bf1+ 39. Kc3 Bc4 40.
Nd7 Be2 41. Nf8 Ke4 42. Ne6 Bc4 43. Nxg5+ Kf5 44. h4 Kg4 45. Ne4 Be2 46. Kd2 Bf3
47. Nf6+ Kxg3 48. Nxh5+ Bxh5 49. Ke3 Kxh4 50. Kf2 Kg5 51. Ke3 Kf5 52. Kd4 Be2
53. Ke3 Bc4 54. Kf3 Ke5 55. Ke3 Kd5 56. Kd2 Kd4 57. Kc2 Bb3+ 58. Kb1 Kc3 59. Ka1
Bc4 0-1

[Event "TCh-TUR Super League 2014"]
[Site "Kocaeli TUR"]
[Date "2014.08.27"]
[Round "11.3"]
[Board "1"]
[White "Miroshnichenko, Evgenij"]
[Black "Guner, Sati Emre"]
[Result "1-0"]
[WhiteTitle "GM"]
[WhiteElo "2602"]
[BlackElo "2041"]
[WhiteTeam "Tarsus Zeka Satranc Kulubu"]
[BlackTeam "Aliaga Genclik VE Spor Kulubu Dernegi"]
[WhiteFideId "14102595"]
[BlackFideId "6304192"]
[EventDate "2014.08.18"]

1. c4 e5 2. g3 Nf6 3. Bg2 c6 4. Nf3 e4 5. Nd4 d5 6. cxd5 Qxd5 7. e3 c5 8. Nc3
Qe5 9. f4 exf3 10. Nxf3 Qc7 11. O-O Be7 12. b3 O-O 13. Bb2 Nc6 14. Nh4 Bg4 15.
Nd5 Bxd1 16. Nxc7 Rac8 17. Raxd1 Rxc7 18. Nf5 Bd8 19. g4 Ne8 20. Kf2 Nb4 21. Ke2
Bf6 22. Bxf6 Nxf6 23. g5 Ne8 24. Rc1 g6 25. Nh6+ Kg7 26. a3 Na6 27. Ng4 f5 28.
Ne5 Re7 29. Nd3 b6 30. b4 cxb4 31. axb4 Nd6 32. Ra1 Nb8 33. Nf4 Nb5 34. Bd5 Rfe8
35. Rfc1 a6 36. Kf3 Rd7 37. h4 Re5 38. Rc8 Nc7 39. Nh5+ 1-0

[Event "TCh-TUR Super League 2014"]
[Site "Kocaeli TUR"]
[Date "2014.08.27"]
[Round "11.3"]
[Board "2"]
[White "Yasar, Ugur"]
[Black "Gvetadze, Sofio"]
[Result "0-1"]
[BlackTitle "IM"]
[WhiteElo "1777"]
[BlackElo "2361"]
[WhiteTeam "Aliaga Genclik VE Spor Kulubu Dernegi"]
[BlackTeam "Tarsus Zeka Satranc Kulubu"]
[WhiteFideId "6324754"]
[BlackFideId "13601440"]
[EventDate "2014.08.18"]

1. d4 Nf6 2. Nf3 c5 3. c3 e6 4. Bf4 cxd4 5. Nxd4 a6 6. e3 d5 7. Nd2 Be7 8. Bd3
Nbd7 9. N2f3 O-O 10. O-O Re8 11. Ne5 Nxe5 12. Bxe5 Nd7 13. Nxe6 fxe6 14. Qh5 Nf8
15. f4 g6 16. Qh6 Bf6 17. Rf3 Qe7 18. g4 Qg7 19. Qh3 Bxe5 20. fxe5 Nd7 21. Rf4
Nxe5 22. Raf1 Bd7 23. Be2 g5 24. Rb4 Bc6 25. e4 dxe4 0-1

[Event "TCh-TUR Super League 2014"]
[Site "Kocaeli TUR"]
[Date "2014.08.27"]
[Round "11.3"]
[Board "3"]
[White "Bayram, Yakup"]
[Black "Ozkan, Ufuk"]
[Result "1-0"]
[WhiteTitle "FM"]
[WhiteElo "2268"]
[BlackElo "1717"]
[WhiteTeam "Tarsus Zeka Satranc Kulubu"]
[BlackTeam "Aliaga Genclik VE Spor Kulubu Dernegi"]
[WhiteFideId "6300677"]
[BlackFideId "6349218"]
[EventDate "2014.08.18"]

1. d4 e6 2. c4 b6 3. Nc3 Bb7 4. Nf3 f5 5. g3 Nf6 6. Bg2 Bb4 7. O-O Bxc3 8. bxc3
Na6 9. a4 c5 10. d5 exd5 11. Nh4 Ne4 12. Nxf5 O-O 13. cxd5 Nxc3 14. Nh6+ Kh8 15.
Qd2 Qf6 16. Ra3 Nb1 17. Qa2 Nxa3 18. Qxa3 Nb4 19. Ng4 Qg6 20. Ne5 Qf5 21. f4
Bxd5 22. e4 Bxe4 23. g4 Qe6 24. Bxe4 d5 25. Bb1 g6 26. Qg3 Nc6 27. Nf3 Qd6 28.
Ng5 Rae8 29. Qh4 Re7 30. f5 Kg8 31. Bb2 Nd4 32. Bxd4 cxd4 33. Ne6 Rxe6 34. fxe6
Rxf1+ 35. Kxf1 Qf4+ 36. Qf2 Qc1+ 37. Kg2 1-0

[Event "TCh-TUR Super League 2014"]
[Site "Kocaeli TUR"]
[Date "2014.08.27"]
[Round "11.3"]
[Board "4"]
[White "Demiral, Abdulkadir"]
[Black "Ozkan, Ervin"]
[Result "0-1"]
[WhiteElo "1699"]
[BlackElo "2215"]
[WhiteTeam "Aliaga Genclik VE Spor Kulubu Dernegi"]
[BlackTeam "Tarsus Zeka Satranc Kulubu"]
[WhiteFideId "6349021"]
[BlackFideId "6306004"]
[EventDate "2014.08.18"]

1. d4 d5 2. Nf3 Nf6 3. Bf4 c5 4. c3 Qb6 5. Qb3 Nc6 6. Nbd2 c4 7. Qc2 Nh5 8. Bg5
h6 9. Bh4 g5 10. Bg3 Nxg3 11. hxg3 Bg7 12. e4 e6 13. b3 cxb3 14. axb3 Bd7 15.
Bd3 Rc8 16. Qb2 g4 17. Nh4 Nxd4 18. Rc1 Nb5 19. O-O Nxc3 20. Qa3 Qd4 21. exd5
Qxd3 22. Nc4 Rxc4 23. Rce1 Re4 24. Nf5 exf5 25. Qd6 Be5 0-1

[Event "TCh-TUR Super League 2014"]
[Site "Kocaeli TUR"]
[Date "2014.08.27"]
[Round "11.3"]
[Board "6"]
[White "Ozaltun, Gokce"]
[Black "Kaplan, Ebru"]
[Result "0-1"]
[WhiteElo "1433"]
[BlackElo "1882"]
[WhiteTeam "Aliaga Genclik VE Spor Kulubu Dernegi"]
[BlackTeam "Tarsus Zeka Satranc Kulubu"]
[WhiteFideId "6345069"]
[BlackFideId "6315194"]
[EventDate "2014.08.18"]

1. e4 e5 2. Nf3 Nc6 3. Bb5 a6 4. Ba4 Nf6 5. d3 d6 6. c3 Be7 7. h3 b5 8. Bc2 O-O
9. O-O h6 10. a3 Nh7 11. d4 exd4 12. cxd4 Na5 13. Qd3 f5 14. Bd2 Nc4 15. Bb3
fxe4 16. Bxc4+ bxc4 17. Qxe4 d5 18. Qe2 Bd6 19. Nc3 c6 20. Rfe1 Rb8 21. Na4 Qf6
22. Ne5 Ng5 23. Bxg5 Qxg5 24. Qe3 Qf6 25. Nxc6 Rb3 26. Qe2 Bd7 27. Ne5 Bxa4 28.
Ng4 Qf7 29. Nxh6+ gxh6 30. Qg4+ Kh8 31. Re6 Qxf2+ 0-1

[Event "TCh-TUR Super League 2014"]
[Site "Kocaeli TUR"]
[Date "2014.08.27"]
[Round "11.3"]
[Board "7"]
[White "Komut, Burak"]
[Black "Cingoz, Ozan"]
[Result "1-0"]
[WhiteElo "1951"]
[BlackElo "1930"]
[WhiteTeam "Tarsus Zeka Satranc Kulubu"]
[BlackTeam "Aliaga Genclik VE Spor Kulubu Dernegi"]
[WhiteFideId "6309984"]
[BlackFideId "6333397"]
[EventDate "2014.08.18"]

1. c4 e6 2. Nc3 d5 3. d4 Nf6 4. Bg5 Nbd7 5. e3 c6 6. Nf3 Be7 7. Bd3 dxc4 8. Bxc4
b5 9. Bd3 a6 10. O-O h6 11. Bf4 Bb7 12. e4 b4 13. Na4 c5 14. dxc5 Nxe4 15. Bxe4
Bxe4 16. Qd4 Bc6 17. Qxb4 O-O 18. Rfd1 Bxa4 19. Qxa4 Nxc5 20. Qa3 Qe8 21. Bd6
Bxd6 22. Rxd6 Rc8 23. b4 Ne4 24. Rxa6 Rc3 25. Qb2 Qc8 26. b5 Rc2 27. Qb4 Nxf2
28. Rc6 Rxc6 29. bxc6 Nd3 30. Qb5 Nf4 31. Rd1 Rd8 32. Rd7 Rxd7 33. cxd7 Qc1+ 34.
Qf1 Qc5+ 35. Kh1 Qd5 36. Qc1 1-0

[Event "TCh-TUR Super League 2014"]
[Site "Kocaeli TUR"]
[Date "2014.08.27"]
[Round "11.3"]
[Board "9"]
[White "Sevgi, Volkan"]
[Black "Karaoglan, Kivanc"]
[Result "1/2-1/2"]
[WhiteTitle "FM"]
[WhiteElo "2142"]
[BlackElo "1903"]
[WhiteTeam "Tarsus Zeka Satranc Kulubu"]
[BlackTeam "Aliaga Genclik VE Spor Kulubu Dernegi"]
[WhiteFideId "6325335"]
[BlackFideId "6329152"]
[EventDate "2014.08.18"]

1. e4 e5 2. Nf3 Nc6 3. Bc4 Nf6 4. d3 Be7 5. O-O O-O 6. Re1 h6 7. c3 d6 8. Bb3
Re8 9. Nbd2 Bf8 10. Nc4 Be6 11. Bc2 Nxe4 12. Ncxe5 dxe5 13. dxe4 Qxd1 14. Rxd1
a6 15. Be3 Rad8 16. Rxd8 Rxd8 17. Ba4 b5 18. Bb3 Bxb3 19. axb3 a5 20. Kf1 f6 21.
Ke2 Kf7 22. Ne1 Ke6 23. Nd3 Rb8 24. Kd2 Bd6 25. Kc2 h5 26. h4 g6 27. f4 Re8 28.
fxe5 fxe5 29. Nc5+ Bxc5 30. Bxc5 Rg8 31. Be3 Rf8 32. Rd1 Ne7 33. Ra1 Nc6 34. Kd3
Rd8+ 35. Ke2 Ra8 36. Bc5 Rg8 37. Be3 Ra8 38. Bc5 Rg8 39. Be3 Ra8 1/2-1/2